000 00478 a2200169 4500
003 OSt
005 20231229123947.0
008 231229b |||||||| |||| 00| 0 eng d
020 _a9789350722503
040 _coclc
082 _a891.432
_bSIN/E
100 _aSingh, S D
_910232
245 _aEKANKI RATNAKAR /
_cDr. Sri Dhar Singh
260 _aNew Delhi:
_bVani Prakashan,
_c2012.
300 _a151p
942 _2ddc
_cBK
_h891.432
_iSIN/E
_k891.432
_mSIN/E
999 _c43626
_d43626